00757cam a22002411a 4500001001300000003000400013005001700017008004100034010001700075035002000092040002200112042001200134050001900146245008000165260006400245300003100309500001400340504004100354650002100395700004800416700003400464999001700498sa 66001399 DLC20260227112221.0890621s1965 ii b 000 0 hin  asa 66001399  a(OCoLC)19903721 aDLCcTOKdWUdDLC apremarc00aPN6519.H55bK300aKahāvata Kośa /cBhuvaneśvaranātha Miśra, Vikramāditya Miśra. aPatna :bVihāra Rāṣṭrabhāṣā Pariṣad,c1965. a14, 2, 2, 832 p. ;c25 cm. aIn Hindi. aIncludes bibliographical references. 0aProverbs, Hindi.1 aMiśra, Bhuvaneśvaranātha,d1912-eed.1 aMiśra, Vikramāditya,eed. c67777d67777